000
00318nam a22001337a 4500
020
_a
0-7460-5196-4
082
_a
823
_b
POE/T
100
_a
POE, EDGAR ALLAN
245
_a
TALES OF MYSTERY AND IMAGINATION
260
_a
LONDON
_b
USBORNE PUBLISHING
_c
2002
300
_a
124
650
_a
NOVEL
_z
UNITED KINGDOM
942
_c
BK
999
_c
3815
_d
3815